Normal view MARC view
  • Instituto Panamericano de Geografía e Historia

Entry Nombre Corporativo

Number of records used in: 6

001 - NÚMERO DE CONTROL

  • campo de control: 26766

003 - IDENTIFICADOR DE NUMERO DE CONTROL

  • campo de control: MX-MxUPN

005 - FECHA Y HORA DE LA ÜLTIMA TRANSACCIÓN

  • campo de control: 20250507113248.0

008 - DATOS DE LONGITUD FIJA

  • campo de control de longitud fija: 250507nn fnnnnaabb b ana |d

035 ## - NÚMERO DE CONTROL

  • Número de control: UPN10000026775

040 ## - FUENTE DE CATALOGACIÓN

  • Agencia original de catalogación: MX-MxUPN
  • Lenguaje de catalogación: spa

110 2# - ENCABEZAMIENTO - NOMBRE CORPORATIVO

  • Nombre corporativo o de jurisdicción como elemento de entrada : Instituto Panamericano de Geografía e Historia
  • Subdivisión de forma: Informes

670 ## - FUENTE EN LA QUE SE LOCALIZARON DATOS

  • Cita de la fuente : T/P
  • Información localizada: IPGH : informe anual 1988

902 ## - CATALOGADOR

  • Catalogador: CAA/180918